Science Quiz

Random Science or Anatomy Quiz
Score 0/10 Timer 08:00
0 Plays Today
Hint Answer % Correct
It's easy, Phil, isn't it, when you're a scab; I estimate that you've got about an hour to get out of town.Syphilis Scabies
87.2%
Quizmaster: 'Sudiph, the rial is the currency of which Middle Eastern nation?' Contestant: 'Er... Bhutan, Den? Guessing, I'm afraid.'Diphtheria Dengue
72.5%
We can't have her pestering the poor boy at the lathe, Pat; it is painfully obvious he doesn't care for her.Herpes Hepatitis
65.9%
Ralph frowned, as he read the crumpled note: Happy Birthday, Darling! Love, Mum. p.s. don't try to contact me, as Lester is not aware. xMumps Measles
57.2%
Hoop-la! Guess who's been arrested! They'd better call for Interpol; I only hope he doesn't do a runner!Plague Polio
55.4%
'Lord, you should have been there!' chuckled Sim. Wolfgang reneged in the second game, and he was unceremoniously flung out into the lobby!'Gangrene Gout
53.4%
Lavinia is waiting in the gazebo, Lancelot; I should make haste; Colin is already en route.Ebola E-coli
44.9%
Cheryl leapt to her feet at intervals to screech: 'Ole!' Rafe faced an epic diffusive effort, if they were not to be ejected!Cholera C-diff
31.3%
''Tis only me', said Mellors, entering silently; 'th'art a bonny lass, an' no mistake!' he murmured.Lyme Lassa
28.2%
'I'll see you in hell, Buchman!' said Sheriff Friedman to the mayor. (You maniac! Never make a remake!)Aids Acne
24.8%
Come Together.
Have Fun.
All Virtual.
We all need to come together. Play Sporcle's virtual live trivia to have fun, connect with people, and get your trivia on. Join a live hosted trivia game for your favorite pub trivia experience done virtually. If a virtual private party is more your thing, go here for details.

You're not logged in!

Compare scores with friends on all Sporcle quizzes.
OR
Log In

Sporcle TV

Today on Sporcle TV


Watch our educational content, quiz creation guides, and fun videos on Sporcle TV.

Show Comments

Extras

Top Quizzes Today


Score Distribution

Paid Content

Your Account Isn't Verified!

In order to create a playlist on Sporcle, you need to verify the email address you used during registration. Go to your Sporcle Settings to finish the process.

Report this User

Report this user for behavior that violates our Community Guidelines.

Details: